[Event "Offene Hessische Senioren Einzelmeisters"]
[Site "Bad Sooden- Allendorf"]
[Date "2013.04.22"]
[Round "3.101"]
[White "Krüger, Bernhard"]
[Black "Helm, Irmgard"]
[Result "1/2-1/2"]
[WhiteElo "1537"]
[BlackElo "1340"]
[PlyCount "104"]
[EventDate "2013.??.??"]
[WhiteTeam "SC Grunbach"]
[BlackTeam "TSG Oberschöneweide e.V."]

1. d4 d5 2. Nf3 Bg4 3. e3 a6 4. Be2 Nf6 5. Nbd2 e6 6. O-O Bd6 7. c4 dxc4 8.
Nxc4 Be7 9. b3 Nbd7 10. Bb2 O-O 11. Qc2 b5 12. Nce5 Bf5 13. Bd3 Bxd3 14. Qxd3
Rc8 15. Nc6 Qe8 16. e4 Nh5 17. g3 Ndf6 18. Nxe7+ Qxe7 19. Rad1 Rfd8 20. Qe2 h6
21. Bc1 c5 22. dxc5 Qxc5 23. Nh4 Qc6 24. Rxd8+ Rxd8 25. e5 Nxg3 26. hxg3 Nd5
27. Ng2 Nc3 28. Qg4 Qe4 29. Qxe4 Nxe4 30. Ne3 Nc3 31. a3 Ne2+ 32. Kg2 Rd3 33.
b4 Nxc1 34. Rxc1 Rxa3 35. Rc8+ Kh7 36. Nc2 Ra4 37. Rc5 Kg6 38. Kf3 Ra2 39. Ke3
a5 40. bxa5 Rxa5 41. Nd4 Ra3+ 42. Kd2 b4 43. Rb5 Ra2+ 44. Nc2 b3 45. Rxb3 Ra5
46. f4 f6 47. exf6 gxf6 48. Rb6 e5 49. fxe5 Rxe5 50. Ne3 Rg5 51. g4 h5 52.
gxh5+ Rxh5 1/2-1/2

[Event "Offene Hessische Senioren Einzelmeisters"]
[Site "Bad Sooden- Allendorf"]
[Date "2013.04.22"]
[Round "3.102"]
[White "Fuchs, Manfred"]
[Black "Köllmer, Hans"]
[Result "1-0"]
[WhiteElo "1523"]
[BlackElo "1305"]
[PlyCount "63"]
[EventDate "2013.??.??"]
[WhiteTeam "SC Erkrath 1973"]
[BlackTeam "Sfr.Heidesheim"]

1. d4 e6 2. c4 d5 3. Nf3 Nf6 4. e3 b6 5. Nc3 Ba6 6. Qb3 dxc4 7. Bxc4 Bxc4 8.
Qxc4 c6 9. O-O Be7 10. e4 O-O 11. Bf4 Qc8 12. Rfd1 Qa6 13. Qb3 Nbd7 14. a3 Nh5
15. Be3 b5 16. Rac1 Nb6 17. d5 cxd5 18. exd5 Nxd5 19. Nxd5 exd5 20. Rxd5 Nf6
21. Rxb5 Rfc8 22. Rxc8+ Qxc8 23. Rb7 Nd7 24. g3 Bc5 25. Bxc5 Rb8 26. Rxb8 Nxb8
27. Bxa7 Nc6 28. Be3 Qf5 29. Nd4 Qb1+ 30. Kg2 Qe4+ 31. Nf3 g6 32. Bh6 1-0

[Event "Offene Hessische Senioren Einzelmeisters"]
[Site "Bad Sooden- Allendorf"]
[Date "2013.04.22"]
[Round "3.103"]
[White "Hespers, Rolf"]
[Black "Freerksen, Uwe"]
[Result "1-0"]
[WhiteElo "1516"]
[BlackElo "1259"]
[PlyCount "115"]
[EventDate "2013.??.??"]
[WhiteTeam "TuS Osterburg Weida"]
[BlackTeam "SK Königsspringer Emden"]

1. d4 d5 2. Nf3 Nf6 3. e3 Nc6 4. Bb5 Bd7 5. O-O e6 6. Bd2 a6 7. Bd3 Nb4 8. Be2
b5 9. Ne5 Nc6 10. Nxd7 Qxd7 11. a3 g6 12. b3 Bg7 13. c4 bxc4 14. bxc4 O-O 15.
Nc3 Rfe8 16. cxd5 exd5 17. Na4 Ne4 18. Qc2 Nxd2 19. Nc5 Qc8 20. Qxd2 Nd8 21.
Qd3 a5 22. Rfc1 c6 23. Na4 Qe6 24. Nc5 Qc8 25. Bf3 Ra7 26. Na4 Qa6 27. Qc2 Qc8
28. Bxd5 Rae7 29. Qc3 Qd7 30. Bf3 Qf5 31. h3 h5 32. Nc5 h4 33. Qxa5 Ne6 34.
Bxc6 Nxd4 35. exd4 Re2 36. Rf1 Bxd4 37. Nb3 Bxf2+ 38. Kh1 Qxa5 39. Nxa5 R8e5
40. Nb3 Kg7 41. a4 R5e3 42. Bf3 Rb2 43. Nc1 f5 44. a5 Re7 45. a6 Bd4 46. Ra4
Ba7 47. Nd3 Rc2 48. Rxh4 g5 49. Rb4 g4 50. hxg4 Kf6 51. Nf4 Rh7+ 52. Nh3 Ra2
53. Bb7 Re7 54. Rxf5+ Kg7 55. Rb1 Ra4 56. g5 Kg6 57. Rf6+ Kg7 58. Rbf1 1-0

[Event "Offene Hessische Senioren Einzelmeisters"]
[Site "Bad Sooden- Allendorf"]
[Date "2013.04.22"]
[Round "3.104"]
[White "Semisch, Helga"]
[Black "Graffenberger, Wilhelm"]
[Result "0-1"]
[WhiteElo "1256"]
[BlackElo "1515"]
[PlyCount "69"]
[EventDate "2013.??.??"]
[WhiteTeam "SV Schmalkalden 04"]
[BlackTeam "Hamburger SK von 1830 eV"]

1. d4 g6 2. e3 Bg7 3. Nc3 d5 4. Nf3 Nf6 5. h3 O-O 6. Bd3 Nc6 7. Bd2 Nb4 8. Bb5
Bf5 9. e4 dxe4 10. Nxe4 Nxc2+ 11. Qxc2 Bxe4 12. Qc3 Nd5 13. Qb3 c6 14. Be2 Nb6
15. Qe3 Bf5 16. Bc3 Nd5 17. Qd2 Rc8 18. O-O Qc7 19. Ne5 f6 20. Ng4 Qf4 21. Qe1
h5 22. Bd2 Qxd4 23. Nh6+ Bxh6 24. Bxh6 Rf7 25. b3 g5 26. Bxh5 Rd8 27. Rd1 Qe4
28. Qa5 Kh7 29. Bf3 Qf4 30. Bxd5 cxd5 31. Bxg5 Qxg5 32. Rxd5 Rxd5 33. Qxd5 Rf8
34. Kh2 Qf4+ 35. g3 0-1

[Event "Offene Hessische Senioren Einzelmeisters"]
[Site "Bad Sooden- Allendorf"]
[Date "2013.04.22"]
[Round "3.105"]
[White "Minarsch, Hans"]
[Black "Nols, Uwe"]
[Result "1-0"]
[WhiteElo "1512"]
[BlackElo "1171"]
[PlyCount "52"]
[EventDate "2013.??.??"]
[WhiteTeam "1.Hainstädter SC 1950"]
[BlackTeam "Itzehoer SV von 1923"]

1. e4 e5 2. Nf3 Nc6 3. d4 exd4 4. Bc4 f6 5. O-O Ne5 6. Bxg8 Rxg8 7. Nxd4 Bc5 8.
c3 a6 9. b4 Ba7 10. a4 c5 11. Nf5 g6 12. Nd6+ Kf8 13. Bf4 Nf7 14. Nxf7 Kxf7 15.
Qd5+ Kg7 16. Bd6 Bb8 17. Bxc5 Qc7 18. g3 Re8 19. Re1 Re5 20. Qd3 Ba7 21. Bd4
Bxd4 22. cxd4 Re8 23. Nc3 d6 24. Nd5 Qc6 25. Rac1 Qd7 26. Rc7 Rb8 1-0

[Event "Offene Hessische Senioren Einzelmeisters"]
[Site "Bad Sooden- Allendorf"]
[Date "2013.04.22"]
[Round "3.106"]
[White "Wernitz, Armin"]
[Black "Baier, Peter"]
[Result "0-1"]
[WhiteElo "1235"]
[BlackElo "1479"]
[PlyCount "114"]
[EventDate "2013.??.??"]
[WhiteTeam "PostSV Brandenburg e.V."]
[BlackTeam "TTC Blau-Weiß Geldern Veert e.V."]

1. Nf3 Nf6 2. d4 d5 3. g3 h6 4. Bg2 c6 5. O-O Bf5 6. Nh4 Bh7 7. Nc3 e6 8. Re1
Be7 9. Nf3 O-O 10. Ne5 Nbd7 11. f4 Nxe5 12. fxe5 Ne4 13. Nxe4 dxe4 14. Rf1 Bg5
15. e3 f5 16. exf6 Bxf6 17. Qg4 Bf5 18. Rxf5 exf5 19. Qxf5 Bg5 20. Qxe4 Qe7 21.
Qd3 Rae8 22. e4 Kh8 23. Be3 Bxe3+ 24. Qxe3 b6 25. Rf1 Rxf1+ 26. Kxf1 Qf6+ 27.
Kg1 Rd8 28. e5 Qe6 29. b3 Re8 30. c4 c5 31. Bd5 cxd4 32. Qxd4 Qxe5 33. Qf2 Qe1+
34. Qf1 Re2 35. Bg2 Qxf1+ 36. Kxf1 Rxa2 37. h4 Rb2 38. Bd5 Rxb3 39. Kf2 Rc3 40.
g4 g5 41. hxg5 hxg5 42. Ke2 Kg7 43. Kd2 Rg3 44. Be6 Kf6 45. Bf5 Ke5 46. Kc2 Kd4
47. Be6 Kc5 48. Kb2 b5 49. cxb5 Kxb5 50. Bd7+ Kb4 51. Be6 a5 52. Bf5 Kc5 53.
Be6 Kd4 54. Bf5 Ke5 55. Bd7 Kf4 56. Kc2 Rxg4 57. Bxg4 Kxg4 0-1

[Event "Offene Hessische Senioren Einzelmeisters"]
[Site "Bad Sooden- Allendorf"]
[Date "2013.04.22"]
[Round "3.107"]
[White "Bartl, Birgit"]
[Black "Hopp, Dr. Barbara"]
[Result "0-1"]
[WhiteElo "1153"]
[BlackElo "1464"]
[Annotator ",Microsoft"]
[PlyCount "81"]
[EventDate "2013.??.??"]
[WhiteTeam "USV Erfurt Abteilung Schach"]
[BlackTeam "SV Oberursel"]

1. d4 Nf6 2. Nf3 g6 3. e3 Bg7 4. c3 O-O 5. Bd3 d6 6. O-O Nbd7 7. Nbd2 c5 8. Re1
a6 9. e4 b5 10. e5 Ne8 11. e6 fxe6 12. Ng5 Nc7 13. Qg4 Nf6 14. Qh4 c4 15. Bc2
Qe8 16. Nde4 h6 17. Nh3 Nh5 18. f3 Nd5 19. Ng3 Bf6 20. Qe4 Nxg3 21. hxg3 Kg7
22. Nf4 Bd7 23. Nxg6 Rg8 24. Nf4 Nxf4 25. Qh7+ Kf8 26. Qxh6+ Kf7 27. Qxf4 Qf8
28. g4 Ke8 29. d5 e5 30. Qe3 Bh4 31. Re2 Bg3 32. Qh6 Qf7 33. Bg5 Bf4 34. Bxf4
exf4 35. Qxd6 Rc8 36. Rae1 Rg7 37. Rxe7+ Qxe7 38. Rxe7+ Rxe7 39. Qg6+ Kf8 40.
Qh6+ Kg8 41. Qg5+ {Zeitüberschreitung von Weiß} 0-1

[Event "Offene Hessische Senioren Einzelmeisters"]
[Site "Bad Sooden- Allendorf"]
[Date "2013.04.22"]
[Round "3.108"]
[White "Wiebke, Elfriede"]
[Black "Ludwig, Richard"]
[Result "0-1"]
[WhiteElo "1031"]
[BlackElo "1451"]
[PlyCount "74"]
[EventDate "2013.??.??"]
[WhiteTeam "Verein Segeberger SF"]
[BlackTeam "SV Irxleben von 1919"]

1. e4 Nf6 2. Nc3 e5 3. Nf3 Nc6 4. Bc4 h6 5. O-O Bc5 6. d3 d6 7. h3 a6 8. a3 b5
9. Bb3 O-O 10. Nd5 Rb8 11. c3 Nxd5 12. Bxd5 Ne7 13. d4 exd4 14. cxd4 Bb6 15. b4
Nxd5 16. exd5 Bb7 17. Qb3 Re8 18. Be3 Qf6 19. Rfe1 Qf5 20. Nh4 Qxd5 21. Qxd5
Bxd5 22. Kh1 Bc4 23. Rac1 Bd3 24. Nf3 Be4 25. Nd2 Bd5 26. f4 c6 27. Nf1 Bd8 28.
Bf2 Bf6 29. Ng3 Bh4 30. Re3 Rxe3 31. Bxe3 Rd8 32. Nf5 Bf6 33. Ng3 Kf8 34. Ne2
Re8 35. Nc3 Rxe3 36. Nxd5 cxd5 37. Rc6 Bxd4 0-1

[Event "Offene Hessische Senioren Einzelmeisters"]
[Site "Bad Sooden- Allendorf"]
[Date "2013.04.23"]
[Round "4.2"]
[White "Schumacher, Gottfried"]
[Black "Hassenrück, Helmut"]
[Result "1-0"]
[WhiteElo "2100"]
[BlackElo "2084"]
[Annotator ",Microsoft"]
[PlyCount "136"]
[EventDate "2013.??.??"]
[WhiteTeam "HTC Bad Neuenahr"]
[BlackTeam "SG-Gladbeck 19/2"]

1. d4 Nf6 2. c4 e6 3. Nf3 c5 4. e3 d5 5. Nc3 a6 6. cxd5 exd5 7. g3 Nc6 8. Bg2
cxd4 9. Nxd4 Bc5 10. O-O Ba7 11. b3 O-O 12. Ba3 Re8 13. Rc1 Nxd4 14. exd4 Bg4
15. Qd2 Qa5 16. Bd6 Rad8 17. Be5 Re6 $11 18. Qf4 Rc8 19. Bxf6 h5 20. Nxd5 Rxc1
21. Qxc1 gxf6 22. Qf4 Kg7 23. Ne3 Qg5 24. Qxg5+ fxg5 25. h3 Be2 26. Rc1 Kg6 27.
Rc7 Bxd4 28. Bd5 Re5 29. Bxf7+ Kf6 30. Rxb7 Bf3 31. Rd7 Bxe3 32. fxe3 Rxe3 33.
Kf2 Rc3 34. Bc4 g4 35. hxg4 hxg4 36. Rd6+ Ke5 37. Rxa6 Be4 38. Be2 Rc2 39. Ra5+
Kd4 40. Ra4+ Ke5 41. Ke1 Bf3 42. Bxf3 gxf3 43. a3 Rb2 44. Rb4 Kd5 45. Kf1 Kc5
46. g4 Kd5 47. g5 Rg2 48. Rf4 Rxg5 49. Kf2 Rh5 50. a4 Rh1 51. Rxf3 Rb1 52. Rf5+
Kd4 53. Rb5 Rb2+ 54. Kf3 Rb1 55. Ke2 Rb2+ 56. Kf3 Rb1 57. Kg4 Rg1+ 58. Kf5 Rh1
59. Ke6 Rh7 60. Kd6 Rh6+ 61. Kc7 Rh7+ 62. Kb6 Rh6+ 63. Ka7 Rh7+ 64. Rb7 Rh3 65.
a5 Kd5 66. a6 Rh8 67. b4 Kc6 68. b5+ Kc5 1-0

[Event "Offene Hessische Senioren Einzelmeisters"]
[Site "Bad Sooden- Allendorf"]
[Date "2013.04.23"]
[Round "4.3"]
[White "Haase, Wolfgang"]
[Black "Piankov, Evgenij"]
[Result "1/2-1/2"]
[WhiteElo "1991"]
[BlackElo "2259"]
[PlyCount "72"]
[EventDate "2013.??.??"]
[WhiteTeam "SV CAISSA e. V. Kassel"]

1. d4 Nf6 2. Nf3 g6 3. c4 Bg7 4. Nc3 d5 5. cxd5 Nxd5 6. e4 Nxc3 7. bxc3 c5 8.
Be3 O-O 9. Be2 Qc7 10. O-O b6 11. Rc1 e6 12. Qa4 Nd7 13. Rfd1 a6 14. c4 cxd4
15. Bxd4 Nc5 16. Qc2 e5 17. Be3 Bb7 18. Bxc5 Qxc5 19. Bd3 Rfd8 20. Qb3 Rd6 21.
Kf1 Rad8 22. Qc2 f5 23. Ke2 Qa3 24. Ne1 Bh6 25. c5 bxc5 26. Rb1 Bxe4 27. Bxe4
Rxd1 28. Rxd1 Rxd1 29. Qxd1 fxe4 30. Qd5+ Kf8 31. Qd8+ Kf7 32. Qd7+ Kf6 33.
Qd6+ Kf7 34. Qd7+ Kf6 35. Qd6+ Kf7 36. Qd7+ Kf6 1/2-1/2

[Event "Offene Hessische Senioren Einzelmeisters"]
[Site "Bad Sooden- Allendorf"]
[Date "2013.04.23"]
[Round "4.4"]
[White "Kripp, Wolfgang"]
[Black "Vogel, Jaap"]
[Result "0-1"]
[WhiteElo "1982"]
[BlackElo "2193"]
[PlyCount "100"]
[EventDate "2013.??.??"]
[WhiteTeam "SAbt SG 1945 Dietzenbach"]

1. e4 e6 2. d4 d5 3. Nc3 Bb4 4. e5 c5 5. a3 Bxc3+ 6. bxc3 Qa5 7. Bd2 Qa4 8. Nf3
b6 9. Bd3 Ba6 10. O-O Ne7 11. Be3 Nd7 12. Bxa6 Qxa6 13. Qd3 Qa4 14. Rfb1 Rc8
15. Ra2 h6 16. Qb5 Qxb5 17. Rxb5 Nc6 18. Kf1 cxd4 19. cxd4 Na5 20. Ke2 Nc4 21.
Nd2 O-O 22. Nxc4 Rxc4 23. Rb4 Rc6 24. Kd3 Rfc8 25. Bd2 h5 26. h4 f6 27. f4 Kf7
28. c3 Nf8 29. a4 Rc4 30. Rb1 Ng6 31. g3 Ne7 32. a5 bxa5 33. Rxa5 R8c7 34. Rba1
Nc6 35. R5a4 Rxa4 36. Rxa4 Ne7 37. Ra6 Nc6 38. Ke2 Nb8 39. Ra5 Kg6 40. Rb5 Nd7
41. Ra5 Kf5 42. Kf3 Nb6 43. Ra6 Nc4 44. Be1 Rb7 45. Ra2 a5 46. Bf2 Rb1 47. Be3
Rb3 48. exf6 gxf6 49. Bf2 Rxc3+ 50. Kg2 Ra3 0-1

[Event "Offene Hessische Senioren Einzelmeisters"]
[Site "Bad Sooden- Allendorf"]
[Date "2013.04.23"]
[Round "4.5"]
[White "Ljubarskij, Juri"]
[Black "Holscher, Peter"]
[Result "1-0"]
[WhiteElo "2174"]
[BlackElo "2005"]
[PlyCount "135"]
[EventDate "2013.??.??"]
[WhiteTeam "Hannover 96 Schach"]
[BlackTeam "Caissa Hoorn"]

1. f4 d5 2. Nf3 g6 3. e3 Bg7 4. d4 Nf6 5. c4 c6 6. Nc3 O-O 7. Bd3 Bg4 8. O-O
Nbd7 9. cxd5 Nxd5 10. Nxd5 cxd5 11. Qb3 Bxf3 12. Rxf3 Nb6 13. Bd2 Rc8 14. Rff1
Qd7 15. Bb5 Qe6 16. f5 gxf5 17. Bd3 Qh6 18. Qb4 e6 19. Rac1 Qg5 20. e4 Bxd4+
21. Qxd4 Qxd2 22. Rcd1 Qh6 23. exf5 Nc4 24. Rf3 e5 25. Rg3+ Kh8 26. Qxd5 Rfd8
27. Qxb7 Qb6+ 28. Qxb6 axb6 29. b3 Nb2 30. Rd2 Rc1+ 31. Kf2 Nd1+ 32. Kf3 Nc3
33. Ke3 Re1+ 34. Kf2 Ra1 35. Rc2 Rxa2 36. Rxa2 Nxa2 37. Bc4 f6 38. Kf3 Nb4 39.
Kg4 Rd7 40. Re3 Kg7 41. Kf3 Nc2 42. Rc3 Nd4+ 43. Ke4 Kf8 44. g4 Rg7 45. Rg3 h6
46. Be6 Rc7 47. Bd5 Ne2 48. Rd3 Nf4 49. Re3 Ke7 50. Bc4 Rc5 51. h4 b5 52. Bf1
b4 53. Bc4 Ra5 54. Re1 Ra2 55. g5 Ng2 56. gxh6 Rf2 57. Rh1 Rf4+ 58. Kd5 Ne3+
59. Kc5 Rxf5 60. h5 Kf8 61. Kxb4 Nxc4 62. bxc4 Kg8 63. c5 Rf2 64. Kc4 Kh7 65.
c6 Rc2+ 66. Kd5 Kxh6 67. Rf1 Kxh5 68. Rxf6 1-0

[Event "Offene Hessische Senioren Einzelmeisters"]
[Site "Bad Sooden- Allendorf"]
[Date "2013.04.23"]
[Round "4.6"]
[White "Happel, Henk"]
[Black "Oud, Niek"]
[Result "1-0"]
[WhiteElo "2146"]
[BlackElo "1992"]
[PlyCount "81"]
[EventDate "2013.??.??"]
[WhiteTeam "Discendo Discimus"]
[BlackTeam "VAS"]

1. d4 Nf6 2. c4 e6 3. Nc3 d5 4. Bg5 Be7 5. e3 O-O 6. Nf3 Nbd7 7. cxd5 exd5 8.
Bd3 c6 9. Qc2 Re8 10. O-O Nf8 11. Rab1 a5 12. a3 Ne4 13. Bxe7 Qxe7 14. b4 axb4
15. axb4 Ng6 16. Rfe1 Bg4 17. Nd2 Nxd2 18. Qxd2 Qd7 19. b5 Bf5 20. bxc6 bxc6
21. Rb6 Bxd3 22. Qxd3 Reb8 23. Rxb8+ Rxb8 24. Na4 h5 25. Nc5 Qa7 26. Qf5 h4 27.
h3 Qa5 28. Rf1 Qa7 29. Nd3 Qe7 30. Ra1 Qb7 31. Nf4 Qb2 32. Rf1 Nxf4 33. Qxf4
Qb4 34. Rc1 g6 35. Qxh4 Rc8 36. Rc5 Ra8 37. Rxc6 Ra1+ 38. Kh2 Qb8+ 39. Qg3 Qb7
40. Rc7 Qb8 41. Qf4 1-0

[Event "Offene Hessische Senioren Einzelmeisters"]
[Site "Bad Sooden- Allendorf"]
[Date "2013.04.23"]
[Round "4.7"]
[White "Schneider, Alexander"]
[Black "Van Oosten, Arend"]
[Result "1/2-1/2"]
[WhiteElo "1974"]
[BlackElo "2136"]
[Annotator ",Microsoft"]
[PlyCount "46"]
[EventDate "2013.??.??"]
[WhiteTeam "Wilhelmshavener SC von 1887 e. V"]
[BlackTeam "Utrecht"]

1. Nf3 e6 2. d4 f5 3. g3 Nf6 4. Bg2 d5 5. c4 c6 6. b3 Bd6 7. O-O Qe7 8. a4 a5
9. Ba3 Bxa3 10. Nxa3 Nbd7 11. Qd3 Ne4 12. Nd2 Nxd2 13. Qxd2 O-O 14. f3 b6 15.
e4 fxe4 16. fxe4 Rxf1+ 17. Kxf1 Ba6 18. exd5 exd5 19. Kg1 Nf6 20. cxd5 cxd5 21.
Nc4 Qc7 22. Ne3 $11 Qd7 23. Nc4 Qc7 1/2-1/2

[Event "Offene Hessische Senioren Einzelmeisters"]
[Site "Bad Sooden- Allendorf"]
[Date "2013.04.23"]
[Round "4.8"]
[White "Hottes, Dieter"]
[Black "Hunold, Rolf"]
[Result "1-0"]
[WhiteElo "2118"]
[BlackElo "1974"]
[PlyCount "69"]
[EventDate "2013.??.??"]
[WhiteTeam "Stuttgarter SF 1879"]
[BlackTeam "SV Letmathe 1933 e.V."]

1. d4 Nf6 2. Nf3 g6 3. g3 Bg7 4. Bg2 O-O 5. O-O d6 6. c4 c6 7. Nc3 Nbd7 8. b3
e5 9. e3 Qa5 10. Qc2 Re8 11. Bd2 Qc7 12. Rac1 Nf8 13. d5 Nh5 14. b4 Bd7 15. Qb3
Kh8 16. c5 dxc5 17. bxc5 cxd5 18. Nxd5 Qc8 19. Ng5 Be6 20. e4 h6 21. Nxe6 Nxe6
22. Be3 Kh7 23. Bh3 Qc6 24. Nb4 Qb5 25. Rfd1 Nd4 26. Bxd4 exd4 27. Nd5 Qxb3 28.
axb3 Rxe4 29. Bg2 Re2 30. g4 Nf6 31. Nxf6+ Bxf6 32. Bxb7 Rd8 33. c6 Be5 34. c7
Bxc7 35. Rxc7 1-0

[Event "Offene Hessische Senioren Einzelmeisters"]
[Site "Bad Sooden- Allendorf"]
[Date "2013.04.23"]
[Round "4.9"]
[White "Rychlik, Kurt"]
[Black "Weidlich, Günter"]
[Result "0-1"]
[WhiteElo "1970"]
[BlackElo "2116"]
[PlyCount "86"]
[EventDate "2013.??.??"]
[WhiteTeam "SV Berenbostel"]
[BlackTeam "SV Dresden-Leuben"]

1. d4 Nf6 2. Nf3 g6 3. c4 c5 4. d5 b5 5. cxb5 a6 6. bxa6 Bxa6 7. Nc3 d6 8. g3
Bg7 9. Bg2 O-O 10. O-O Nbd7 11. Re1 Qb6 12. e4 Ng4 13. Qc2 Rfb8 14. b3 c4 15.
Be3 Nxe3 16. Rxe3 cxb3 17. axb3 Qxb3 18. Qxb3 Rxb3 19. Bf1 Rxc3 20. Rxc3 Bxc3
21. Rxa6 Rxa6 22. Bxa6 Nc5 23. Bc4 Nxe4 24. Kf1 Ba5 25. Bd3 Nc3 26. Bc4 Ne4 27.
Bd3 Nc3 28. Bc4 Kg7 29. Nd4 Kf6 30. f3 h5 31. h3 Bb6 32. Nb5 Nd1 33. Ke2 Ne3
34. Bb3 Nf5 35. g4 Ne3 36. Nc3 Ke5 37. Kd3 h4 38. Ba2 Ng2 39. Ne2 Nf4+ 40. Nxf4
Kxf4 41. Ke2 Kg3 42. Bb1 Kxh3 43. Be4 Kg3 0-1

[Event "Offene Hessische Senioren Einzelmeisters"]
[Site "Bad Sooden- Allendorf"]
[Date "2013.04.23"]
[Round "4.10"]
[White "Haubt, Georg"]
[Black "Romanow, Werner"]
[Result "1-0"]
[WhiteElo "2115"]
[BlackElo "1972"]
[PlyCount "109"]
[EventDate "2013.??.??"]
[WhiteTeam "SV Oberursel"]
[BlackTeam "SV Merseburg"]

1. e4 d5 2. exd5 Qxd5 3. Nc3 Qd6 4. d4 Nf6 5. Bc4 c6 6. h3 Bf5 7. Nf3 e6 8. Qe2
Be7 9. Bg5 Nbd7 10. O-O-O Nb6 11. Bb3 O-O-O 12. Ne5 Bg6 13. Rhe1 Nfd5 14. Bd2
Nxc3 15. Bxc3 Bf6 16. f4 Bxe5 17. fxe5 Qe7 18. a3 Nd5 19. Bd2 Qh4 20. Qf3 Rd7
21. g4 h6 22. Kb1 Qd8 23. Ka2 Kb8 24. c4 Nc7 25. Be3 Rf8 26. Qg3 Ka8 27. Rf1 a6
28. h4 Qc8 29. Rd2 Qe8 30. Bd1 Bh7 31. Bg1 Qb8 32. Qe3 Rfd8 33. Bf3 Re8 34.
Rfd1 Red8 35. Qb3 f5 36. exf6 gxf6 37. Qe3 h5 38. gxh5 Bf5 39. Bh2 Qa7 40. Qf4
Qb6 41. Bg1 Qa5 42. h6 Qa4 43. Qe3 c5 44. b3 Qa5 45. d5 exd5 46. Bxd5 Nxd5 47.
Rxd5 Rxd5 48. cxd5 Bg6 49. Rd2 b6 50. d6 Ka7 51. Bh2 Re8 52. Qf2 c4 53. b4 Qa4
54. Qg3 Bf7 55. Qc3 1-0

[Event "Offene Hessische Senioren Einzelmeisters"]
[Site "Bad Sooden- Allendorf"]
[Date "2013.04.23"]
[Round "4.11"]
[White "Heinzel, Peter"]
[Black "Schmidt, Gerhard"]
[Result "0-1"]
[WhiteElo "1970"]
[BlackElo "2109"]
[PlyCount "109"]
[EventDate "2013.??.??"]
[WhiteTeam "SC Mülheim 08/25 e.V."]
[BlackTeam "SC Unterhaching e.V."]

1. b4 d5 2. Bb2 e6 3. e3 Nf6 4. a3 Bd6 5. Nf3 a5 6. b5 O-O 7. d4 c5 8. c4 Nbd7
9. Nbd2 Re8 10. Be2 b6 11. O-O Bb7 12. h3 Rc8 13. Re1 Rc7 14. Rc1 Qe7 15. Nb1
dxc4 16. Ne5 cxd4 17. Nxd7 Nxd7 18. Qxd4 Be5 19. Qd2 Qg5 20. Bf1 Bxb2 21. Qxb2
Rec8 22. Red1 h5 23. a4 Bd5 24. Qd4 Nc5 25. Nc3 Nb3 26. Qxb6 Nxc1 27. Rxc1 Qe7
28. Qxa5 Qc5 29. Nxd5 exd5 30. Qc3 Ra7 31. Qc2 Rca8 32. Ra1 g6 33. e4 Qd4 34.
b6 Qxa1 35. bxa7 Rxa7 36. exd5 Qxa4 37. Qxc4 Qxc4 38. Bxc4 Kf8 39. Bb5 Ke7 40.
g3 Kd6 41. Bc6 g5 42. Kg2 Ke5 43. Kf3 Ra3+ 44. Ke2 h4 45. gxh4 gxh4 46. f3 f6
47. Bb7 Ra2+ 48. Ke3 Ra3+ 49. Ke2 Rc3 50. Bc6 Kf4 51. Kd2 Rc5 52. Ke2 Kg3 53.
Ke3 Kxh3 54. Kd4 Rc1 55. Bd7+ 0-1

[Event "Offene Hessische Senioren Einzelmeisters"]
[Site "Bad Sooden- Allendorf"]
[Date "2013.04.23"]
[Round "4.12"]
[White "Knaak, Joachim"]
[Black "Arp, Frans"]
[Result "1-0"]
[WhiteElo "2085"]
[BlackElo "1970"]
[PlyCount "61"]
[EventDate "2013.??.??"]
[WhiteTeam "SV Dresden-Leuben"]
[BlackTeam "Haarlem"]

1. d4 Nf6 2. c4 g6 3. Nc3 Bg7 4. e4 d6 5. f3 O-O 6. Be3 c5 7. Nge2 Na6 8. Qd2
b6 9. d5 Nc7 10. g4 a6 11. Ng3 Bd7 12. h4 b5 13. h5 e6 14. Bh6 exd5 15. Bxg7
Kxg7 16. hxg6 fxg6 17. Qh6+ Kf7 18. g5 b4 19. Nxd5 Ncxd5 20. cxd5 Ne8 21. e5
dxe5 22. Bd3 Ng7 23. O-O-O Rh8 24. f4 c4 25. Be4 Qb6 26. fxe5 Qe3+ 27. Kb1 Qxg3
28. e6+ Bxe6 29. dxe6+ Nxe6 30. Rhf1+ Nf4 31. Bd5+ 1-0

[Event "Offene Hessische Senioren Einzelmeisters"]
[Site "Bad Sooden- Allendorf"]
[Date "2013.04.23"]
[Round "4.13"]
[White "Rüberg, Jobst"]
[Black "Kopp, Peter"]
[Result "0-1"]
[WhiteElo "2068"]
[BlackElo "1964"]
[Annotator ",Microsoft"]
[PlyCount "90"]
[EventDate "2013.??.??"]
[WhiteTeam "SV Ahlen 1954 e.V."]
[BlackTeam "SV 1920 Hofheim"]

1. e4 c5 2. Nf3 Nc6 3. Bb5 g6 4. O-O Bg7 5. Bxc6 dxc6 6. d3 Nf6 7. h3 O-O 8.
Nc3 h6 9. Be3 b6 10. Qd2 Kh7 11. Rad1 Bb7 12. b3 Nd7 13. Ne2 e5 14. Nh2 Qe7 15.
Ng4 f5 16. Nxh6 f4 17. Nxf4 exf4 18. Bxf4 Rxf4 19. Qxf4 Bxh6 20. Qc7 Rb8 21.
Rde1 Qd8 22. Qg3 Bg7 23. e5 $11 Bxe5 24. Rxe5 Nxe5 25. Qxe5 Rc8 26. Re1 Rc7 27.
Re4 Rg7 28. g3 Bc8 29. Kh2 Qd7 30. Kg1 Qf7 31. Rh4+ Kg8 32. Re4 g5 33. Qe8+ Qf8
34. Qh5 Bd7 35. Qe2 Qf6 36. Kg2 Qf5 37. g4 Qd5 38. f3 Qd6 39. Qe3 Qf6 40. a4
Kf8 41. a5 Qc3 42. axb6 Qxc2+ 43. Kg3 axb6 44. d4 cxd4 45. Qxd4 Qxb3 0-1

[Event "Offene Hessische Senioren Einzelmeisters"]
[Site "Bad Sooden- Allendorf"]
[Date "2013.04.23"]
[Round "4.14"]
[White "Petzold, Dr. Hans"]
[Black "van Geffen, Ben"]
[Result "1/2-1/2"]
[WhiteElo "1964"]
[BlackElo "2061"]
[PlyCount "27"]
[EventDate "2013.??.??"]
[WhiteTeam "USV TU Dresden"]
[BlackTeam "Messemaker 1847"]

1. e4 e5 2. Nf3 Nc6 3. Bb5 a6 4. Ba4 Nf6 5. Qe2 b5 6. Bb3 Be7 7. c3 O-O 8. d3
d5 9. Nbd2 dxe4 10. dxe4 Bc5 11. O-O Qe7 12. Re1 Ng4 13. Rf1 Nf6 14. Re1
1/2-1/2

[Event "Offene Hessische Senioren Einzelmeisters"]
[Site "Bad Sooden- Allendorf"]
[Date "2013.04.23"]
[Round "4.15"]
[White "Franck, Rudolf"]
[Black "Just, Joachim"]
[Result "1/2-1/2"]
[WhiteElo "2057"]
[BlackElo "1912"]
[Annotator ",Microsoft"]
[PlyCount "73"]
[EventDate "2013.??.??"]
[WhiteTeam "SC 1875 Ellwangen"]
[BlackTeam "SV Motor Zeitz"]

1. d4 d5 2. c4 c6 3. e3 g6 4. Nc3 Bg7 5. f4 h5 6. Nf3 Nh6 7. Bd2 O-O 8. c5 Bg4
9. Be2 Bxf3 10. Bxf3 Nd7 11. O-O e6 12. b4 f5 13. Rb1 Nf6 14. b5 Ne4 15. Bxe4
fxe4 16. bxc6 bxc6 17. Rb7 Nf5 18. Qa4 Qf6 19. Ne2 Ne7 20. Rxa7 Rab8 21. Qc2 g5
22. Qd1 g4 23. Ng3 Rf7 24. Ba5 Qg6 25. Bc7 Re8 26. Bd6 h4 $11 27. Rxe7 Rexe7
28. f5 exf5 29. Ne2 Bh6 30. Qa4 Bxe3+ 31. Kh1 Re8 32. Qxc6 Qe6 33. Qb5 Rd8 34.
Qb3 Rxd6 35. Qxe3 Ra6 36. Qg5+ Qg6 37. Qd8+ 1/2-1/2

[Event "Offene Hessische Senioren Einzelmeisters"]
[Site "Bad Sooden- Allendorf"]
[Date "2013.04.23"]
[Round "4.16"]
[White "Zunker, Dr. Reinhard"]
[Black "Reinhold, Dr. Klaus"]
[Result "1/2-1/2"]
[WhiteElo "2050"]
[BlackElo "1957"]
[PlyCount "64"]
[EventDate "2013.??.??"]
[WhiteTeam "SV 1920 Hofheim"]
[BlackTeam "SC Gronau 1920 e.V."]

1. e4 e5 2. Nf3 Nf6 3. d4 Nxe4 4. Nxe5 d5 5. Bd3 Nd7 6. Nxd7 Bxd7 7. O-O Bd6 8.
c4 c6 9. Nc3 Nxc3 10. bxc3 O-O 11. cxd5 cxd5 12. Qh5 f5 13. Qf3 Kh8 14. Bd2 Qc7
15. g3 Bc6 16. Rfe1 Rf7 17. Qh5 Raf8 18. f4 g6 19. Qd1 Re7 20. Qb3 Qd7 21. Kf2
Rfe8 22. h4 Rxe1 23. Rxe1 Rxe1 24. Bxe1 Be7 25. Bd2 Bf6 26. Qa3 Kg7 27. Qxa7
Bb5 28. Bc2 Qc6 29. Qc5 Qxc5 30. dxc5 Bc4 31. Bb3 Kf7 32. Ke3 Ke7 1/2-1/2